Statistics for The Asia Quiz

Click here to take the quiz!

General Stats

  • This quiz has been taken 15 times
  • The average score is 9 of 15

Answer Stats

HintAnswer% Correct
North and South_Korea
93%
The currency of JapanYen
93%
Largest countryRussia
87%
Starts with QQatar
80%
Where the protests are happeningHong Kong
73%
Country starting with "P" and ending with "an"Pakistan
73%
Capital of MongoliaUlaanbaatar
67%
Country China wantsTaiwan
60%
Longest riverYangtze River
60%
Body of water drained by the SovietsAral Sea
53%
Poorest countryAfghanistan
47%
Largest lakeCaspian Sea
47%
Number of countries in Asia (UN recognized countries)48
33%
Taiwanese computer companyAcer
27%
Country above UzbekistanKazakstan
27%

Score Distribution

Percentile by Number Answered

Percent of People with Each Score

Your Score History

You have not taken this quiz